Statistiques concernant Les trophées du football par images

Cliquez ici pour prendre le quiz!

Statistiques générales

  • Ce quiz a été pris 722 fois
  • Le résultat moyen est 11 sur 20

Statistiques - réponses

Réponse% Correct
Coupe du Monde
100%
Ligue 1
97%
Ligue des Champions
96%
Ballon d'or
95%
Europa League
76%
Premier League
74%
Euro
72%
Bundesliga
71%
Coupe de France
68%
Coupe de la Ligue
66%
Coupe d'Afrique des Nations
59%
Serie A
57%
Copa America
50%
Coupe du monde des clubs
42%
Liga
39%
Super coupe d'Europe
22%
Copa Libertadores
18%
Trophée des Champions
17%
Gold Cup
6%
Ligue des Champions d'Asie
3%

Distribution des résultats

Percentile par nombre de réponses

% des personnes avec chaque résultat

Votre développement - résultats

Vous n’avez pas pris ce quiz